000 01394nam1a22003851 4500
001 v19\rc\1888278
005 20260407065734.0
035 _a(NLR Aleph) 004976239
090 _a6137277
_c6137277
100 _a20251123 rusy50
101 1 _arus
_cfre
102 _aRU
105 _ay z |||||
200 1 _aСобрание сочинений
_fАнатоль Франс
210 _aМосква
_cВ.М. Саблин
_d1910-1911
215 _d18
225 1 _aКлассики современной мысли
300 _aЗагл. обл.: Полное собрание сочинений Анатоля Франса
309 _aЧаст. загл. каждого тома на отд. тит. л.
512 0 _aПолное собрание сочинений Анатоля Франса
700 1 _8rus
_7ca
_aФранс
_bА.
_f1844-1924
_gАнатоль
_3RU\NLR\AUTH\7716506
_9126144
801 0 _aRU
_bNLR
_gpsbo
801 0 _aRU
_bRuMoRGB
_2psbo
801 1 _aRU
_bProSoft-M
_2rusmarc
801 2 _aRU
_bNLR
_c20130410
_2rusmarc
852 _aNLR
_j+Шифры разные
_y(9-12)
852 _aNLR
_jЛ60/Б-3/72
899 _aНБ СПбГУ
_y(11)
899 _aНБ МГУ
_y(11)
899 _aRuMoRGB
_jR 209/251
899 _aRuMoRGB
_jR 209/250 (т. 11)
899 _aRuMoRGB
_jR 209/225 (т. 6, 8-10)
899 _aБАН
_y(9)
942 _cBOOK
980 _aNB